| 000 | 00650nam a22002297a 4500 | ||
|---|---|---|---|
| 999 |
_c189862 _d189862 |
||
| 005 | 20220713165440.0 | ||
| 010 | _aB-021019 | ||
| 020 | _a9788171816842 | ||
| 035 | _aB-021019 | ||
| 037 | _adpl | ||
| 082 | _a523.112 | ||
| 100 | _aCHILD BOOK | ||
| 245 | _aGalaxies | ||
| 260 | _aNew Delhi | ||
| 270 | _bNew Delhi | ||
| 300 |
_a30p. _bill (col) _c29 cm (Hb) |
||
| 490 | _aScience in our environment | ||
| 500 | _aage 7-11 group | ||
| 700 |
_aJauhry, Anupama _939785 |
||
| 942 |
_2ddc _cCH _mKUM _h523.112 |
||